<?xml version="1.0" encoding="UTF-8"?><?xml-stylesheet type="text/xsl" href="static/style.xsl"?><OAI-PMH xmlns="http://www.openarchives.org/OAI/2.0/" xmlns:xsi="http://www.w3.org/2001/XMLSchema-instance" xsi:schemaLocation="http://www.openarchives.org/OAI/2.0/ http://www.openarchives.org/OAI/2.0/OAI-PMH.xsd"><responseDate>2026-04-17T03:13:42Z</responseDate><request verb="GetRecord" identifier="oai:www.recercat.cat:10230/60942" metadataPrefix="marc">https://recercat.cat/oai/request</request><GetRecord><record><header><identifier>oai:recercat.cat:10230/60942</identifier><datestamp>2025-12-25T01:07:55Z</datestamp><setSpec>com_2072_6</setSpec><setSpec>col_2072_452953</setSpec></header><metadata><record xmlns="http://www.loc.gov/MARC21/slim" xmlns:dcterms="http://purl.org/dc/terms/" xmlns:xsi="http://www.w3.org/2001/XMLSchema-instance" xmlns:doc="http://www.lyncode.com/xoai" xsi:schemaLocation="http://www.loc.gov/MARC21/slim http://www.loc.gov/standards/marcxml/schema/MARC21slim.xsd">
   <leader>00925njm 22002777a 4500</leader>
   <datafield ind2=" " ind1=" " tag="042">
      <subfield code="a">dc</subfield>
   </datafield>
   <datafield ind2=" " ind1=" " tag="720">
      <subfield code="a">Szafranek, Karolina Martyna</subfield>
      <subfield code="e">author</subfield>
   </datafield>
   <datafield ind2=" " ind1=" " tag="720">
      <subfield code="a">Hernández Leo, Davinia</subfield>
      <subfield code="e">author</subfield>
   </datafield>
   <datafield ind2=" " ind1=" " tag="260">
      <subfield code="c">2024-08-28T14:07:44Z</subfield>
   </datafield>
   <datafield ind2=" " ind1=" " tag="260">
      <subfield code="c">2024-08-28T14:07:44Z</subfield>
   </datafield>
   <datafield ind2=" " ind1=" " tag="260">
      <subfield code="c">2024-08-28</subfield>
   </datafield>
   <datafield ind2=" " ind1=" " tag="520">
      <subfield code="a">Pòster presentat a: The 30th International Conference on Collaboration Technologies and Social Computing (Collabtech), del 11 al 14 de setembre a Barcelona, Espanya.</subfield>
   </datafield>
   <datafield ind2=" " ind1=" " tag="520">
      <subfield code="a">This research examines the role of social presence in Computer-&#xd;
Supported Collaborative Learning (CSCL) scripts and its facilitation&#xd;
through digital tools, specifically evaluating a tool implementing the&#xd;
Pyramid Collaborative Learning Flow Pattern (CLFP) from the perspective&#xd;
of the social presence theoretical framing aiming to suggest potential&#xd;
improvements. The study reveals that while the digital CSCL environment&#xd;
provides some level of social presence, it also has limitations that&#xd;
can be improved to support better emotional engagement and group cohesion.&#xd;
Enhancements proposed based on co-design interviews include&#xd;
upgrading the user interface with more visual cues, improving chat functionalities&#xd;
with emojis, direct replies and AI (Artificial Intelligence) integration,&#xd;
redesigning the answer improvement process for more intuitive&#xd;
collaboration, and refining the social awareness feature for clearer&#xd;
feedback. These improvements aim to address the current digital tool’s&#xd;
shortcomings and support a richer collaborative learning experience.</subfield>
   </datafield>
   <datafield ind2=" " ind1=" " tag="520">
      <subfield code="a">This research has been partially funded by MICIU/AEI/10.13039/&#xd;
501100011033 (PID2020-112584RB-C33) and SGR 00930. The work of D. Hernández-&#xd;
Leo (Serra Hunter) was supported by ICREA under the ICREA Academia program.</subfield>
   </datafield>
   <datafield tag="653" ind2=" " ind1=" ">
      <subfield code="a">Computer-Supported Collaborative Learning (CSCL)</subfield>
   </datafield>
   <datafield tag="653" ind2=" " ind1=" ">
      <subfield code="a">Social Presence</subfield>
   </datafield>
   <datafield tag="653" ind2=" " ind1=" ">
      <subfield code="a">Collaborative Learning Flow Pattern (CLFP)</subfield>
   </datafield>
   <datafield tag="653" ind2=" " ind1=" ">
      <subfield code="a">Pyramid</subfield>
   </datafield>
   <datafield ind2="0" ind1="0" tag="245">
      <subfield code="a">Improving social presence in collaborative learning platforms: the case of PyramidApp</subfield>
   </datafield>
</record></metadata></record></GetRecord></OAI-PMH>